000 00452nam a22001697a 4500
003 CEME
005 20210628205816.0
008 210317b xxu||||| |||| 00| 0 eng d
040 _c.
082 _a297 MAT
100 _aMatin Khalid Muhammad Matin Khalid
_977100
245 _aKiya america jeet jay gaw
260 _aLAHORE
_bILUM-O-IRFAN
_c1999
300 _a386P
650 _aISLAM-LAW-TOHEEN RISALAT PEACE BE UPON HIM
_977101
942 _cBK
_2ddc
999 _c582424
_d582424